[Event "IV Open International Senior"]
[Site "Calvia"]
[Date "2007.10.20"]
[Round "6.14"]
[White "Tejero Royo, Fermin"]
[Black "Pomar Mir, Francisco"]
[Result "1/2-1/2"]
[WhiteElo "2159"]
[BlackElo "1970"]
[PlyCount "48"]
[EventDate "2007.??.??"]

1. e4 e6 2. d4 d5 3. Nd2 c5 4. exd5 exd5 5. dxc5 Bxc5 6. Nb3 Bb6 7. Nf3 Ne7 8.
Bg5 O-O 9. Be2 Nbc6 10. O-O f6 11. Bc1 Be6 12. Nfd4 Bf7 13. c3 Ne5 14. f4 Nc4
15. Kh1 a5 16. a4 Re8 17. Bd3 Nc6 18. Qf3 Rc8 19. Nxc6 Rxc6 20. Nd4 Bxd4 21.
cxd4 Rce6 22. f5 Re1 23. b3 Rxf1+ 24. Bxf1 Nd6 1/2-1/2

[Event "IV Open International Senior"]
[Site "Calvia"]
[Date "2007.10.20"]
[Round "6.15"]
[White "Persson, Stellan"]
[Black "Gutierrez, Leon Cristobal"]
[Result "1-0"]
[WhiteElo "2136"]
[BlackElo "1963"]
[PlyCount "75"]
[EventDate "2007.??.??"]

1. e4 g6 2. d4 d6 3. c4 Bg7 4. Nc3 Nd7 5. Be3 c6 6. f4 Qa5 7. Qd2 e6 8. Be2 Ne7
9. Nf3 d5 10. e5 h5 11. a3 a6 12. O-O Qd8 13. h4 Nf5 14. Bf2 O-O 15. Ng5 Bh6
16. cxd5 cxd5 17. Nd1 Nb6 18. g4 hxg4 19. Bxg4 Nc4 20. Qc3 Bd7 21. Bxf5 gxf5
22. b3 Na5 23. Kh2 Bxg5 24. Rg1 f6 25. exf6 Rxf6 26. Rxg5+ Kh7 27. Qg3 Qe8 28.
Nc3 Rg6 29. Rg1 Rxg5 30. fxg5 Qb8 31. g6+ Kg7 32. h5 Qxg3+ 33. Bxg3 Nc6 34. Bf4
Rh8 35. h6+ Kg8 36. Ne2 e5 37. dxe5 Nxe5 38. h7+ 1-0

[Event "IV Open International Senior"]
[Site "Calvia"]
[Date "2007.10.20"]
[Round "6.16"]
[White "Yanez Acin, Gonzalo"]
[Black "Forteza Valls, Jose Maria"]
[Result "0-1"]
[WhiteElo "2041"]
[BlackElo "2119"]
[PlyCount "114"]
[EventDate "2007.??.??"]

1. e4 Nc6 2. d4 d5 3. e5 Bf5 4. Bd3 Nxd4 5. Bxf5 Nxf5 6. Nf3 e6 7. O-O Bc5 8.
Nc3 a6 9. Ne2 h5 10. c3 Ba7 11. Qb3 Qc8 12. Bg5 c5 13. a4 b6 14. Qa3 Nge7 15.
Nf4 Nc6 16. b4 Qc7 17. Rfe1 Nce7 18. g3 Ng6 19. h4 Rc8 20. Rac1 b5 21. axb5
axb5 22. Qa6 Qd7 23. Ra1 Rc7 24. Ra5 Nxf4 25. Bxf4 cxb4 26. cxb4 Rb7 27. Rc1
O-O 28. Qc6 Rfb8 29. Qc3 Bb6 30. Ra6 Ne7 31. Be3 Rc8 32. Bc5 Bxc5 33. bxc5 b4
34. Qe3 Qb5 35. Rb6 Rxb6 36. cxb6 Rxc1+ 37. Qxc1 Qxb6 38. Qb1 b3 39. Qb2 Nc6
40. Ng5 g6 41. Kg2 Qd4 42. Qc1 Qc4 43. Qa3 Nxe5 44. Qa8+ Kg7 45. Qb7 Qc6 46.
Qxb3 f6 47. Nh3 d4+ 48. Kf1 Qc4+ 49. Qxc4 Nxc4 50. Ke2 e5 51. f3 Kf7 52. Kd3
Nd6 53. f4 Ke6 54. fxe5 fxe5 55. Ng5+ Kd5 56. Nh7 e4+ 57. Ke2 Ke5 0-1

[Event "IV Open International Senior"]
[Site "Calvia"]
[Date "2007.10.20"]
[Round "6.18"]
[White "Feiguelman, Boris Dr"]
[Black "Castan Sanclemente, Alejandro"]
[Result "1-0"]
[WhiteElo "2058"]
[BlackElo "1871"]
[PlyCount "81"]
[EventDate "2007.??.??"]

1. e4 e5 2. f4 d5 3. exd5 e4 4. d3 Nf6 5. Nc3 Bb4 6. dxe4 Nxe4 7. Qd4 Qe7 8.
Nge2 O-O 9. Bd2 Nxd2 10. Qxd2 c6 11. O-O-O Rd8 12. Qd3 Bg4 13. h3 Bxe2 14. Qxe2
Qf6 15. Qe5 Bxc3 16. bxc3 Qxe5 17. fxe5 cxd5 18. Bc4 Nc6 19. Bxd5 Nxe5 20. Bxb7
Rab8 21. Rxd8+ Rxd8 22. Rd1 Rxd1+ 23. Kxd1 g5 24. Ke2 f5 25. Ke3 Kf7 26. Kd4
Ke6 27. c4 Nd7 28. c5 Ke7 29. c6 Nb6 30. c7 Kd7 31. c8=Q+ Nxc8 32. Bxc8+ Kxc8
33. Ke5 f4 34. Kf5 h6 35. h4 gxh4 36. Kxf4 Kd7 37. Kg4 Ke6 38. Kxh4 Kf6 39. Kh5
Kg7 40. g4 a5 41. a4 1-0

[Event "IV Open International Senior"]
[Site "Calvia"]
[Date "2007.10.20"]
[Round "6.19"]
[White "Perez Pascual, Arturo"]
[Black "Redondo Garcia, Jose Luis"]
[Result "1-0"]
[WhiteElo "1986"]
[BlackElo "1909"]
[PlyCount "77"]
[EventDate "2007.??.??"]

1. e4 c5 2. Nf3 a6 3. c4 e6 4. d4 cxd4 5. Nxd4 Nc6 6. Be2 Nf6 7. Nc3 h6 8. O-O
Bb4 9. Nxc6 bxc6 10. e5 Nh7 11. Ne4 Qc7 12. f4 O-O 13. Be3 f5 14. Nd6 Bxd6 15.
exd6 Qa5 16. Qd4 Rb8 17. b3 Qd8 18. Qc3 Kh8 19. Bd4 Nf6 20. Qh3 c5 21. Bxc5 Bb7
22. Bd4 Kh7 23. Bd3 Ne4 24. c5 Qa5 25. Qe3 Bc6 26. Rfe1 Rg8 27. Re2 g5 28. Bxe4
Bxe4 29. Rf1 Rg6 30. fxg5 Rxg5 31. Rf4 Rbg8 32. Rxe4 fxe4 33. Qxe4+ R5g6 34.
Rf2 e5 35. Qxe5 R8g7 36. Qe4 Qa3 37. Bxg7 Qxc5 38. Bd4 Qc1+ 39. Rf1 1-0

[Event "IV Open International Senior"]
[Site "Calvia"]
[Date "2007.10.20"]
[Round "6.20"]
[White "Solsona Manonelles, Josep"]
[Black "Mercadal Melia, Dante"]
[Result "1/2-1/2"]
[WhiteElo "1830"]
[BlackElo "1986"]
[PlyCount "61"]
[EventDate "2007.??.??"]

1. d4 Nf6 2. c4 e5 3. dxe5 Ng4 4. Bf4 Nc6 5. Nf3 Bb4+ 6. Nc3 Qe7 7. Qd5 Bxc3+
8. bxc3 f6 9. exf6 Nxf6 10. Qd3 d6 11. e3 O-O 12. Be2 Bg4 13. O-O Rad8 14. Nd4
Ne5 15. Qc2 Bxe2 16. Qxe2 Ne4 17. Rac1 Nc5 18. Bxe5 dxe5 19. Nb3 Nd3 20. Rcd1
e4 21. Nc1 Ne5 22. Rd4 Nf3+ 23. Kh1 Nxd4 24. cxd4 Rd6 25. Qc2 Qh4 26. g3 Qh3
27. Rg1 Rdf6 28. Rg2 Qg4 29. Kg1 Rf3 30. Nb3 Qf5 31. Qe2 1/2-1/2

[Event "IV Open International Senior"]
[Site "Calvia"]
[Date "2007.10.20"]
[Round "6.21"]
[White "Mimbrero Cuello, Diego"]
[Black "Campos Calvo-Sotelo, Juan"]
[Result "0-1"]
[WhiteElo "1854"]
[BlackElo "1971"]
[PlyCount "110"]
[EventDate "2007.??.??"]

1. e4 e6 2. d4 a6 3. Bd3 b5 4. Nf3 c5 5. O-O cxd4 6. Nxd4 Bb7 7. Be3 Nf6 8. Nd2
Nc6 9. c3 Ne5 10. Bc2 d5 11. Bg5 Be7 12. Bxf6 gxf6 13. f4 Nc4 14. Nxc4 dxc4 15.
Qe2 Qb6 16. Kh1 O-O-O 17. Rad1 Rdg8 18. f5 e5 19. Nf3 h5 20. Rd2 h4 21. Rfd1
Bc6 22. b3 cxb3 23. Bxb3 Rg4 24. Bd5 Rhg8 25. Qd3 Bc5 26. Bxf7 R8g7 27. Bd5 Be3
28. Re2 Bf4 29. h3 Rg3 30. Bxc6 Qxc6 31. Qd8+ Kb7 32. Qd5 Kb6 33. Qxc6+ Kxc6
34. Rd5 Rd7 35. Rxd7 Kxd7 36. Re1 Kc6 37. Rd1 Kc7 38. Rd5 Bh6 39. a4 bxa4 40.
Ra5 Kb6 41. Rxa4 Bf8 42. Rc4 Bc5 43. Ra4 Kb5 44. Ra2 a5 45. Nxh4 Rxc3 46. Nf3
Re3 47. Rb2+ Bb4 48. Nd2 Re2 49. h4 Rxd2 50. Rxd2 Bxd2 51. g4 Bh6 52. g5 fxg5
53. f6 gxh4 54. Kg2 a4 55. Kh3 a3 0-1

[Event "IV Open International Senior"]
[Site "Calvia"]
[Date "2007.10.20"]
[Round "6.22"]
[White "Theiss Geb Buzgar, Ion"]
[Black "Iglesias Vidal, Luis"]
[Result "1/2-1/2"]
[WhiteElo "1940"]
[BlackElo "1814"]
[PlyCount "38"]
[EventDate "2007.??.??"]

1. d4 Nf6 2. Nc3 d5 3. e4 dxe4 4. f3 c5 5. Bf4 a6 6. dxc5 Qxd1+ 7. Rxd1 exf3 8.
Nxf3 e6 9. Bd6 Bxd6 10. cxd6 O-O 11. Na4 Nbd7 12. c4 b6 13. b4 Bb7 14. Be2 Rac8
15. O-O Ng4 16. Rc1 Ne3 17. Rfe1 Bxf3 18. Bxf3 Rxc4 19. Kf2 Rfc8 1/2-1/2

[Event "IV Open International Senior"]
[Site "Calvia"]
[Date "2007.10.20"]
[Round "6.23"]
[White "Llado Llompart, Sebastian"]
[Black "Russo, Carmelo"]
[Result "1-0"]
[WhiteElo "1773"]
[BlackElo "1702"]
[PlyCount "89"]
[EventDate "2007.??.??"]

1. b3 e5 2. Bb2 Nc6 3. e3 Nf6 4. Bb5 a6 5. Bxc6 bxc6 6. Bxe5 Ba3 7. Nxa3 d6 8.
Bb2 Ng4 9. Qf3 O-O 10. Qxc6 Be6 11. h3 Ne5 12. Qc3 c5 13. O-O-O f6 14. f4 Nc6
15. Kb1 a5 16. Qd3 Nb4 17. Qe2 Bf5 18. g4 Be6 19. Nc4 a4 20. a3 Nc6 21. f5 Bf7
22. Qh2 d5 23. Nd6 axb3 24. Nxf7 bxc2+ 25. Kxc2 Rxf7 26. Ne2 d4 27. exd4 cxd4
28. Nf4 Ne5 29. d3 Qc8+ 30. Kb1 Rb7 31. Qc2 Qd7 32. Rc1 Rab8 33. Rh2 Rxb2+ 34.
Qxb2 Rxb2+ 35. Rxb2 h5 36. Rb8+ Kh7 37. Rcc8 Nf7 38. Ka2 hxg4 39. hxg4 Kh6 40.
Ne6 Qd5+ 41. Kb2 Qg2+ 42. Rc2 Qg3 43. Rg8 Qd6 44. Rxg7 Ne5 45. Rh2# 1-0

[Event "IV Open International Senior"]
[Site "Calvia"]
[Date "2007.10.20"]
[Round "6.25"]
[White "Benito Alba, Eladio"]
[Black "Febrero Perez, Lluis"]
[Result "1-0"]
[WhiteElo "1873"]
[BlackElo "1690"]
[PlyCount "63"]
[EventDate "2007.??.??"]

1. d4 Nf6 2. Nf3 g6 3. g3 Bg7 4. Bg2 O-O 5. b3 e6 6. Bb2 d6 7. O-O Nbd7 8. c4
c5 9. Nc3 Rb8 10. Nb5 Qb6 11. dxc5 dxc5 12. a4 a6 13. a5 Qd8 14. Nd6 Qc7 15.
Nxc8 Rfxc8 16. Qc2 b5 17. axb6 Qxb6 18. Ra3 Rc7 19. Rfa1 Ra7 20. Ne5 Qd6 21.
Rd1 Qc7 22. Nc6 Rbb7 23. Nxa7 Rxa7 24. Qd3 Ne8 25. Bxg7 Nxg7 26. Qd6 Qc8 27.
Rda1 Ne8 28. Qc6 Nc7 29. Rd1 Nb8 30. Qd6 Kg7 31. Qd8 Qxd8 32. Rxd8 1-0

[Event "IV Open International Senior"]
[Site "Calvia"]
[Date "2007.10.20"]
[Round "6.26"]
[White "Kuenitz, Klaus"]
[Black "Gonzalo Gonzalez, Francisco"]
[Result "0-1"]
[WhiteElo "1695"]
[BlackElo "1857"]
[PlyCount "82"]
[EventDate "2007.??.??"]

1. e4 c5 2. f4 Nc6 3. c3 Nf6 4. e5 Nd5 5. g3 d6 6. d4 cxd4 7. cxd4 Qa5+ 8. Bd2
Qb6 9. Bc3 Nxc3 10. bxc3 Qb2 11. Nd2 Qxc3 12. Ne2 Qa5 13. Bg2 Bg4 14. Bxc6+
bxc6 15. O-O Qb5 16. Re1 dxe5 17. dxe5 e6 18. Ne4 Rd8 19. Qc2 Qb6+ 20. Kg2 Be7
21. h3 Bf5 22. g4 Bxe4+ 23. Qxe4 O-O 24. Red1 Rd5 25. Nc3 Qb2+ 26. Ne2 Rxd1 27.
Rxd1 Qxa2 28. f5 exf5 29. gxf5 Rb8 30. Kf1 Qa6 31. Rd2 Qa1+ 32. Kg2 Qe1 33. Rc2
Bh4 34. Rxc6 Qf2+ 35. Kh1 Rd8 36. Rd6 Rb8 37. f6 gxf6 38. exf6 Kh8 39. Qg2
Qxg2+ 40. Kxg2 a5 41. Ng3 Rg8 0-1

[Event "IV Open International Senior"]
[Site "Calvia"]
[Date "2007.10.21"]
[Round "7.1"]
[White "Sveshnikov, Evgeny"]
[Black "Suba, Mihai"]
[Result "1/2-1/2"]
[WhiteElo "2494"]
[BlackElo "2502"]
[PlyCount "29"]
[EventDate "2007.??.??"]

1. e4 c5 2. c3 d5 3. exd5 Qxd5 4. d4 e6 5. Na3 Nf6 6. Nb5 Na6 7. Be3 cxd4 8.
Qxd4 Qxd4 9. Bxd4 b6 10. a4 Be7 11. a5 O-O 12. Nf3 Bb7 13. Be2 Nc5 14. axb6
axb6 15. O-O 1/2-1/2

[Event "IV Open International Senior"]
[Site "Calvia"]
[Date "2007.10.21"]
[Round "7.2"]
[White "Molina, Jorge"]
[Black "Bellon Lopez, Juan Manuel"]
[Result "0-1"]
[WhiteElo "2201"]
[BlackElo "2434"]
[PlyCount "88"]
[EventDate "2007.??.??"]

1. d4 d5 2. Nf3 Nf6 3. c4 c6 4. e3 a6 5. Qc2 e6 6. Nc3 Bb4 7. Bd2 O-O 8. a3 Ba5
9. Bd3 Nbd7 10. O-O Bc7 11. e4 dxc4 12. Bxc4 e5 13. Ne2 exd4 14. Nexd4 c5 15.
Nf5 Ne5 16. Nxe5 Bxe5 17. Ng3 b5 18. Be2 Bb7 19. Bf3 Bxg3 20. hxg3 Bxe4 21.
Bxe4 Nxe4 22. Be3 Re8 23. Bxc5 Rc8 24. b4 Nxc5 25. bxc5 Re5 26. Rfd1 Qe7 27. c6
Rc5 28. Rd7 Rxc2 29. Rxe7 R2xc6 30. Ra7 g5 31. Re1 Rf6 32. g4 Rc3 33. f3 h6 34.
Re8+ Kg7 35. Re5 Rxa3 36. Rxb5 Raxf3 37. gxf3 axb5 38. Kf2 Rb6 39. Ra3 b4 40.
Rb3 f5 41. Ke3 Kg6 42. Kd4 fxg4 43. fxg4 Rf6 44. Ke5 Rf4 0-1

[Event "IV Open International Senior"]
[Site "Calvia"]
[Date "2007.10.21"]
[Round "7.3"]
[White "Buxade Roca, Guillermo"]
[Black "Gonzalez, Rodriguez Jorge A"]
[Result "0-1"]
[WhiteElo "2192"]
[BlackElo "2405"]
[PlyCount "105"]
[EventDate "2007.??.??"]

1. c4 Nf6 2. d4 c5 3. e3 e6 4. Nc3 cxd4 5. exd4 d6 6. Nf3 Be7 7. g3 b6 8. Bg2
Bb7 9. O-O Nbd7 10. b3 O-O 11. Re1 a6 12. Bb2 Re8 13. Rc1 b5 14. Re2 Qb6 15.
Qe1 Bf8 16. Nb1 b4 17. Nbd2 a5 18. a4 Rac8 19. h3 g6 20. Ng5 d5 21. c5 Qc7 22.
f4 Ba6 23. Re3 Bg7 24. Qf2 Nb8 25. Ngf3 Nfd7 26. Ne5 Nf8 27. Ndf3 f6 28. Nd3
Nc6 29. Rce1 Re7 30. Bf1 Rce8 31. Qd2 Nd7 32. Nf2 Bxf1 33. Kxf1 f5 34. Kg2 Nf6
35. Qe2 Ne4 36. Nd3 h6 37. Nfe5 Bxe5 38. fxe5 g5 39. Nf2 Rf8 40. Rf3 Rg7 41.
Rf1 Rgf7 42. g4 Qd7 43. Qc2 Ne7 44. Nxe4 dxe4 45. R3f2 Qd5 46. Kh2 f4 47. Qc4
e3 48. Rf3 h5 49. Qd3 hxg4 50. hxg4 Rh7+ 51. Rh3 Rxh3+ 52. Kxh3 Kg7 53. Bc1 0-1

[Event "IV Open International Senior"]
[Site "Calvia"]
[Date "2007.10.21"]
[Round "7.4"]
[White "Eppinger, Georg"]
[Black "Celaya Tapiz, Jose Maria"]
[Result "1/2-1/2"]
[WhiteElo "2251"]
[BlackElo "2260"]
[PlyCount "69"]
[EventDate "2007.??.??"]

1. e4 e5 2. Nf3 Nc6 3. Bb5 Bb4 4. c3 Ba5 5. O-O Nge7 6. b4 Bb6 7. Bxc6 Nxc6 8.
b5 Na5 9. Nxe5 O-O 10. d3 d5 11. Qf3 Qe8 12. Qg3 f6 13. Bh6 Qe7 14. Nf3 dxe4
15. dxe4 Kh8 16. Bf4 Nc4 17. Nbd2 Nxd2 18. Nxd2 a6 19. a4 axb5 20. axb5 Rxa1
21. Rxa1 Be6 22. Be3 Bc5 23. Bd4 Rd8 24. Qe3 b6 25. Nf3 Bc4 26. Rb1 Bd6 27. e5
fxe5 28. Bxe5 Bc5 29. Bd4 Qxe3 30. fxe3 Bd6 31. Ne5 Be6 32. Nc6 Ra8 33. Be5 Bc5
34. Bd4 Bd6 35. Be5 1/2-1/2

[Event "IV Open International Senior"]
[Site "Calvia"]
[Date "2007.10.21"]
[Round "7.5"]
[White "Hostalet Ferrer, Pedro"]
[Black "Ermenkov, Evgenij"]
[Result "0-1"]
[WhiteElo "2092"]
[BlackElo "2496"]
[PlyCount "106"]
[EventDate "2007.??.??"]

1. Nf3 Nf6 2. c4 g6 3. b3 Bg7 4. Bb2 O-O 5. g3 d6 6. Bg2 e5 7. d3 Re8 8. b4 a6
9. O-O Nc6 10. Bc3 Bg4 11. h3 Bd7 12. a4 a5 13. bxa5 d5 14. Nfd2 d4 15. Bb2
Rxa5 16. Nb3 Ra7 17. Nc5 Bc8 18. Kh2 Na5 19. Nd2 b6 20. Ncb3 Bb7 21. Nxa5 Bxg2
22. Kxg2 Rxa5 23. Nb3 Qa8+ 24. f3 Rxa4 25. Qc2 Rxa1 26. Rxa1 Qc6 27. Bc1 Ra8
28. Ra2 Nd7 29. Rb2 Bf8 30. Rb1 b5 31. Bd2 b4 32. c5 Qb5 33. Rc1 Ra3 34. Kf2
Nf6 35. e4 dxe3+ 36. Bxe3 Nd5 37. Rb1 Nc3 38. Rb2 c6 39. d4 Bg7 40. g4 Qc4 41.
dxe5 Bxe5 42. Bh6 Ra8 43. Kg2 Re8 44. Nc1 Bg7 45. Bxg7 Kxg7 46. Qb3 Qf4 47. Nd3
Qd4 48. Nxb4 Nd1 49. Ra2 Re1 50. Kg3 Rg1+ 51. Rg2 Qe5+ 52. f4 Qe1+ 53. Kh2 Rh1#
0-1

[Event "IV Open International Senior"]
[Site "Calvia"]
[Date "2007.10.21"]
[Round "7.6"]
[White "Lazaro Porta, Angel"]
[Black "Simon, Padros Emili"]
[Result "0-1"]
[WhiteElo "2038"]
[BlackElo "2243"]
[PlyCount "68"]
[EventDate "2007.??.??"]

1. Nf3 d6 2. c4 e5 3. Nc3 f5 4. d3 Nf6 5. g3 Be7 6. Qa4+ c6 7. Qb3 Na6 8. Bg2
Nc5 9. Qc2 a5 10. Be3 Ne6 11. c5 Ng4 12. cxd6 Nxe3 13. d7+ Bxd7 14. fxe3 Bf6
15. Na4 O-O 16. Qb3 b5 17. Nc5 a4 18. Qc2 Nxc5 19. Qxc5 e4 20. Nd4 Be7 21. Qe5
Bb4+ 22. Kf2 Re8 23. Qf4 g5 24. Qxf5 Bxf5 25. Nxf5 Qf6 26. Bxe4 Rxe4 27. dxe4
Qe5 28. g4 Qxe4 29. h4 Rf8 30. Kg3 Rxf5 31. gxf5 Qxe3+ 32. Kg4 Qxe2+ 33. Kxg5
Kf7 34. Rhf1 Bd2+ 0-1

[Event "IV Open International Senior"]
[Site "Calvia"]
[Date "2007.10.21"]
[Round "7.7"]
[White "Serra Olives, Tomas"]
[Black "Estrada Martinez, Cesar"]
[Result "0-1"]
[WhiteElo "2114"]
[BlackElo "2236"]
[PlyCount "48"]
[EventDate "2007.??.??"]

1. e4 c6 2. d4 d5 3. exd5 cxd5 4. c4 Nf6 5. Nc3 e6 6. Nf3 Nc6 7. c5 Be7 8. Bg5
Ne4 9. Bxe7 Qxe7 10. Rc1 O-O 11. Bb5 Nxc3 12. Rxc3 e5 13. O-O Bg4 14. Re1 Nxd4
15. Be2 Nxe2+ 16. Rxe2 d4 17. Rc1 Rad8 18. Qb3 Bxf3 19. Qxf3 f5 20. Qb3+ Kh8
21. f3 e4 22. Qa3 d3 23. Re3 Qg5 24. Rce1 Qxe3+ 0-1

[Event "IV Open International Senior"]
[Site "Calvia"]
[Date "2007.10.21"]
[Round "7.8"]
[White "Forteza Valls, Jose Maria"]
[Black "Brinck-Claussen, Bjorn"]
[Result "1/2-1/2"]
[WhiteElo "2119"]
[BlackElo "2326"]
[PlyCount "58"]
[EventDate "2007.??.??"]

1. e4 e6 2. d4 d5 3. Nc3 Bb4 4. a3 Bxc3+ 5. bxc3 dxe4 6. Qg4 Nf6 7. Qxg7 Rg8 8.
Qh6 Nbd7 9. Bg5 a6 10. f3 c5 11. Ne2 exf3 12. gxf3 cxd4 13. Nxd4 Rg6 14. Qh4
Qa5 15. Bd2 Qe5+ 16. Kf2 Nc5 17. Re1 Qc7 18. Bd3 Nxd3+ 19. cxd3 Qc5 20. Rhg1
Qh5 21. Qxh5 Nxh5 22. Rg5 Rxg5 23. Bxg5 f6 24. Bh6 Kf7 25. Rg1 Bd7 26. Ke3 Rc8
27. Ne2 e5 28. Kd2 Bc6 29. f4 Rg8 1/2-1/2

[Event "IV Open International Senior"]
[Site "Calvia"]
[Date "2007.10.21"]
[Round "7.9"]
[White "Suslin, Alexander"]
[Black "Sarto Ramos, Angel"]
[Result "1-0"]
[WhiteElo "2144"]
[BlackElo "2053"]
[PlyCount "195"]
[EventDate "2007.??.??"]

1. e4 g6 2. d4 c6 3. c3 Bg7 4. f4 d5 5. e5 h5 6. Nf3 Bg4 7. Bd3 Nh6 8. O-O e6
9. Qc2 Bf5 10. Ng5 Nd7 11. Nd2 Bf8 12. Ndf3 Bxd3 13. Qxd3 Nf5 14. Bd2 Qb6 15.
b4 Qb5 16. Qc2 Be7 17. Rf2 Nb6 18. a4 Qa6 19. Bc1 Nc4 20. Qd3 Qb6 21. a5 Qa6
22. Rfa2 Nce3 23. Qxa6 bxa6 24. Bxe3 Nxe3 25. Kf2 Nc4 26. Ke2 O-O 27. Kd3 Kg7
28. g3 Rae8 29. Re1 Bd8 30. Ree2 Be7 31. Kc2 Rb8 32. Ne1 Rh8 33. h4 Rhd8 34.
Nd3 Rd7 35. Nf3 Rdb7 36. Nfe1 Rd7 37. Nc1 f5 38. exf6+ Kxf6 39. Ned3 Bd6 40.
Nb3 Re7 41. Ra1 Kf5 42. Rae1 Rbe8 43. Nbc5 Bxc5 44. Nxc5 Nd6 45. Re5+ Kf6 46.
Nxa6 Ne4 47. Rg1 Nf2 48. Nc5 Ng4 49. Re2 Kf5 50. Nd3 Nh6 51. Ne5 Rc7 52. Kd3
Ng8 53. Nf3 Nf6 54. Re5+ Kg4 55. Ng5 Rce7 56. Ke2 Nd7 57. Re3 a6 58. Kf2 Kf5
59. Kf3 Kf6 60. Rge1 Kf5 61. Nh3 Kf6 62. Nf2 Kf7 63. Nd3 Kf6 64. Ne5 Nxe5+ 65.
Rxe5 Kf7 66. Ke3 Rb8 67. Kd3 Rbb7 68. Rg5 Red7 69. Rg1 Kf6 70. Re5 Re7 71. Kc2
c5 72. dxc5 d4 73. Rd1 dxc3 74. Kxc3 Rbd7 75. Rde1 Rd8 76. Kc4 Kf7 77. R1e3 Rd1
78. c6 Rc7 79. Rxe6 Rc1+ 80. Kd5 Rc2 81. Rd6 Rc8 82. Rd7+ Kf6 83. Re6+ Kf5 84.
Re5+ Kf6 85. Rd6+ Kf7 86. Ree6 Rd2+ 87. Kc5 Rc2+ 88. Kb6 Rb8+ 89. Kc7 Rxb4 90.
Rf6+ Kg7 91. Rxg6+ Kh7 92. Rge6 Kg7 93. Rd7+ Kf8 94. Rh6 Kg8 95. Rxh5 Rb3 96.
Rg5+ Kf8 97. h5 Rcc3 98. h6 1-0

[Event "IV Open International Senior"]
[Site "Calvia"]
[Date "2007.10.21"]
[Round "7.10"]
[White "Salgado Gonzalez, Julio"]
[Black "Persson, Stellan"]
[Result "0-1"]
[WhiteElo "1926"]
[BlackElo "2136"]
[PlyCount "84"]
[EventDate "2007.??.??"]

1. d4 e6 2. Bf4 f5 3. e3 Nf6 4. c4 Bb4+ 5. Nd2 O-O 6. Ngf3 Nc6 7. a3 Be7 8. b4
a6 9. Bd3 d6 10. Qc2 Nh5 11. h3 Nxf4 12. exf4 Bf6 13. Nb3 a5 14. b5 a4 15. bxc6
axb3 16. cxb7 Bxb7 17. Qxb3 Bxf3 18. gxf3 Bxd4 19. Ra2 c5 20. a4 Qa5+ 21. Ke2
Rfb8 22. Qc2 Rb4 23. Rb1 Rab8 24. Rxb4 Rxb4 25. Bxf5 exf5 26. Qxf5 Rb8 27. Qe6+
Kh8 28. Kf1 h6 29. f5 Bf6 30. Kg2 Rd8 31. Qf7 Qa8 32. a5 Qa6 33. Re2 Qc8 34. a6
Rf8 35. Qe6 Qxa6 36. Qd7 Qxc4 37. Qxd6 Rd8 38. Qe6 Qxe6 39. fxe6 c4 40. f4 g6
41. Rc2 c3 42. Kf3 Kg8 0-1

[Event "IV Open International Senior"]
[Site "Calvia"]
[Date "2007.10.21"]
[Round "7.11"]
[White "Schuermans, Robert"]
[Black "Feiguelman, Boris Dr"]
[Result "1/2-1/2"]
[WhiteElo "2219"]
[BlackElo "2058"]
[PlyCount "107"]
[EventDate "2007.??.??"]

1. e4 g6 2. d4 c6 3. Nc3 d5 4. h3 Bg7 5. Nf3 Nh6 6. exd5 cxd5 7. Bb5+ Nc6 8.
Ne5 Bd7 9. Nxd7 Qxd7 10. O-O O-O 11. Ne2 Nf5 12. c3 Rac8 13. Bf4 e6 14. Nc1 a6
15. Bd3 a5 16. Bxf5 exf5 17. Nd3 b6 18. Qd2 Rfe8 19. Rfe1 f6 20. Rxe8+ Rxe8 21.
Re1 Rxe1+ 22. Qxe1 g5 23. Bc1 f4 24. Qe2 h6 25. b3 Bf8 26. Ne1 Qe7 27. Qxe7
Bxe7 28. Kf1 Kf7 29. Ke2 Ke6 30. Kd3 Bd6 31. Nc2 h5 32. Na3 Ne7 33. Nb5 Bb8 34.
c4 Nf5 35. Ke2 Nh4 36. Kf1 Nf5 37. Bd2 a4 38. c5 axb3 39. axb3 Kd7 40. Nc3 Kc6
41. cxb6 Nxd4 42. b4 Nb5 43. Na4 Be5 44. Ke2 Nd6 45. Kd3 Nc4 46. Bc3 Nxb6 47.
Nxb6 Kxb6 48. Bd4+ Kb5 49. Bc5 Ka4 50. f3 Kb5 51. Be7 h4 52. Bc5 Ka4 53. Kc2
Ba1 54. Kd3 1/2-1/2

[Event "IV Open International Senior"]
[Site "Calvia"]
[Date "2007.10.21"]
[Round "7.13"]
[White "Fernandez Garcia, Ignacio"]
[Black "Hervas Ruiz, Jose"]
[Result "0-1"]
[WhiteElo "2039"]
[BlackElo "2222"]
[PlyCount "112"]
[EventDate "2007.??.??"]

1. e4 e5 2. Nf3 Nc6 3. Bc4 Bc5 4. Nc3 Nf6 5. d3 d6 6. h3 O-O 7. Bg5 h6 8. Be3
Bxe3 9. fxe3 Na5 10. g4 Nxc4 11. dxc4 Nh7 12. Qe2 Be6 13. O-O-O Qe7 14. Rdg1 c6
15. h4 g6 16. Nd2 a6 17. Nf1 Qd7 18. h5 g5 19. Ng3 Bxg4 20. Qf2 f5 21. exf5
Bxf5 22. Qd2 Rad8 23. Rh2 d5 24. cxd5 cxd5 25. Nxf5 Rxf5 26. Rd1 Nf6 27. e4 Rf4
28. exd5 Rd4 29. Qe2 Rxd1+ 30. Qxd1 b5 31. a3 a5 32. Rf2 Ng4 33. Rd2 b4 34. Ne4
bxa3 35. b3 Rf8 36. Re2 Qa7 37. Kb1 a4 38. b4 Ne3 39. Qd3 Qb7 40. c3 Rf1+ 41.
Ka2 Qxd5+ 42. Qxd5+ Nxd5 43. Kxa3 Ra1+ 44. Kb2 Rf1 45. Rd2 Ne3 46. Rd8+ Kf7 47.
Ra8 Rf4 48. Ra7+ Kf8 49. Nd6 g4 50. Rxa4 g3 51. Ra8+ Ke7 52. Rg8 Ng4 53. Nf5+
Kf7 54. Rxg4 Rxg4 55. Nxh6+ Ke6 56. Nxg4 g2 0-1

[Event "IV Open International Senior"]
[Site "Calvia"]
[Date "2007.10.21"]
[Round "7.15"]
[White "Campos Calvo-Sotelo, Juan"]
[Black "Komysheva, Margarita"]
[Result "1-0"]
[WhiteElo "1971"]
[BlackElo "2174"]
[PlyCount "77"]
[EventDate "2007.??.??"]

1. b4 e5 2. a3 d5 3. e3 Be6 4. Bb2 f6 5. d3 Nd7 6. Nd2 c5 7. bxc5 Bxc5 8. Ngf3
Bd6 9. c4 Ne7 10. cxd5 Bxd5 11. Be2 O-O 12. O-O Rc8 13. Rc1 Nb6 14. Ne4 Bxe4
15. dxe4 Qd7 16. Qb3+ Kh8 17. Bb5 Qg4 18. a4 Qxe4 19. a5 Qd5 20. Qd3 Qxd3 21.
Bxd3 Na4 22. Ba1 Nc5 23. Bc4 Nc6 24. Rfd1 Be7 25. Bc3 Rfd8 26. Rxd8+ Bxd8 27.
Ra1 Be7 28. g4 Rd8 29. Rb1 g6 30. h4 Kg7 31. g5 Ne4 32. gxf6+ Kxf6 33. Ba1 Nd6
34. Ba2 Kf5 35. Kg2 Rd7 36. Rd1 Rd8 37. Rh1 Bf6 38. Ng5 h6 39. Be6# 1-0

[Event "IV Open International Senior"]
[Site "Calvia"]
[Date "2007.10.21"]
[Round "7.16"]
[White "Garcia Moreno, Jose Alfredo"]
[Black "Tejero Royo, Fermin"]
[Result "0-1"]
[WhiteElo "1975"]
[BlackElo "2159"]
[PlyCount "90"]
[EventDate "2007.??.??"]

1. d4 d5 2. Nf3 e6 3. c3 c5 4. g3 Nc6 5. Bg2 Bd6 6. O-O Nge7 7. Nbd2 f5 8. dxc5
Bxc5 9. Nb3 Bd6 10. Nbd4 e5 11. Nxc6 bxc6 12. Bg5 O-O 13. e3 h6 14. Bxe7 Qxe7
15. h4 f4 16. exf4 exf4 17. Qe1 fxg3 18. fxg3 Qxe1 19. Rfxe1 Bxg3 20. Re7 Bd6
21. Ree1 Bd7 22. Ne5 Bxe5 23. Rxe5 Rae8 24. Rxe8 Rxe8 25. Kf2 Re5 26. Rd1 Bg4
27. Rd2 Kf7 28. c4 Ke6 29. cxd5+ cxd5 30. b4 Bf5 31. a4 Kd6 32. a5 Be4 33. Bh3
Re7 34. Rb2 Rf7+ 35. Kg3 Rf3+ 36. Kh2 Ra3 37. Bg4 d4 38. Bh3 Ke5 39. Bg2 d3 40.
Kg1 Bxg2 41. Kxg2 Kd4 42. Kf2 Kc3 43. Rb1 Kc2 44. Re1 d2 45. Re2 Kc1 0-1